00433 a2200121 4500100003200000245005100032300004100083650002000124773005500144942000700199952008800206999001700294 aABBEY, Emelia Ennin 923459 aSusu collectors urged to adopt technology use  aThursday, September 7, 2023 Pages 44 aBusiness9160980 dAccra Daily Graphic 2023tDaily Graphicx0855-1529 cPR 001040718PRaPLbPLcTFWWd2023-09-14l0r2023-09-14 00:00:00t1w2023-09-14yPR c45947d45947